| 000 | 00483cam a22001694i 4500 | ||
|---|---|---|---|
| 008 | 130506s2012 nr 001 0 eng | ||
| 020 | _a9789789102020 | ||
| 050 | 0 | 0 |
_aHM1261 _b.O59 2012 |
| 082 | 0 | 0 | _a303.3/4 |
| 100 | 1 | _aOnyeke, Onyeke A., | |
| 245 | 1 | 0 |
_aRethinking leadership / _cProf. Onyeke A. Onyeke. |
| 260 |
_aEnugu _bSnaap Press Nigeria Ltd. _c2012 |
||
| 300 | _axii, 272 pages ; | ||
| 500 | _aIncludes index. | ||
| 650 | 0 |
_aLeadership _xPsychological aspects. |
|
| 942 | _cBK | ||
| 999 |
_c3699 _d3699 |
||